书目信息 |
| 题名: |
中国儿童发展70年
|
|
| 作者: | 王秀萍 著 ;宗志国 译 | |
| 分册: | ||
| 出版信息: | 北京 社会科学文献出版社 2020.12 |
|
| 页数: | 360页 | |
| 开本: | 24cm | |
| 丛书名: | ||
| 单 册: | ||
| 中图分类: | D432.7 | |
| 科图分类: | ||
| 主题词: | 儿童--生活状况--研究--中国--现代--英文 | |
| 电子资源: | ||
| ISBN: | 978-7-5201-5447-5 | |
| 000 | 01283nam0 2200265 450 | |
| 001 | 012001000415 | |
| 005 | 20140131141256.0 | |
| 010 | @a978-7-5201-5447-5@dCNY268.00 | |
| 100 | @a20220905d2020 em y0chiy0110 ea | |
| 101 | 1 | @aeng@cchi@gchi |
| 102 | @aCN@b110000 | |
| 105 | @ay z 000yy | |
| 106 | @ar | |
| 200 | 1 | @a中国儿童发展70年@Azhong guo er tong fa zhan 70 nian@d= Child protection, development and welfare in contemporary China@eevolution of public policy and legislation@e英文@f王秀萍著@g宗志国译@zeng |
| 210 | @a北京@c社会科学文献出版社@d2020.12 | |
| 215 | @a360页@d24cm | |
| 304 | @a本书无题名页,200字段信息取自CIP数据 | |
| 330 | @a本书探讨新中国70年来,作为群体的中国儿童的生存与发展状况。全书以“当代中国儿童”为书写主语,以国家政策与国家层面统计数据为历史事实材料,叙述当代中国政府对儿童生存与发展问题的关注与投入,追寻当代中国社会对儿童权利保护的发展踪迹,从而给出当代中国儿童生存与发展的历史面貌。 | |
| 510 | 1 | @aChild protection, development and welfare in contemporary China@eevolution of public policy and legislation@zeng |
| 606 | 0 | @a儿童@x生活状况@x研究@y中国@z现代@j英文 |
| 690 | @aD432.7@v5 | |
| 701 | 0 | @a王秀萍@Awang xiu ping@4著 |
| 702 | 0 | @a宗志国@Azong zhi guo@4译 |
| 801 | 0 | @aCN@bAHXH@c20221111 |
| 905 | @b1364379-81@dD432.7@e243@f3 | |
| 中国儿童发展70年= Child protection, development and welfare in contemporary China:evolution of public policy and legislation:英文/王秀萍著/宗志国译.-北京:社会科学文献出版社,2020.12 |
| 360页;24cm |
| ISBN 978-7-5201-5447-5:CNY268.00 |
| 本书探讨新中国70年来,作为群体的中国儿童的生存与发展状况。全书以“当代中国儿童”为书写主语,以国家政策与国家层面统计数据为历史事实材料,叙述当代中国政府对儿童生存与发展问题的关注与投入,追寻当代中国社会对儿童权利保护的发展踪迹,从而给出当代中国儿童生存与发展的历史面貌。 |
| ● |
| 相关链接 |
|
|
|
|
正题名:中国儿童发展70年
索取号:D432.7/243
 
预约/预借
| 序号 | 登录号 | 条形码 | 馆藏地/架位号 | 状态 | 备注 |
| 1 | 1364379 | 213643798 | 第一样本阅览室/ [索取号:D432.7/243] | 在馆 | |
| 2 | 1364380 | 213643805 | 第一借阅区/ [索取号:D432.7/243] | 在馆 | |
| 3 | 1364381 | 213643814 | 第一借阅区/ [索取号:D432.7/243] | 在馆 |